Practice set in Practical auditing : (Record no. 6322)

MARC details
000 -LEADER
fixed length control field 00682nam a22001937a 4500
003 - CONTROL NUMBER IDENTIFIER
control field OSt
005 - DATE AND TIME OF LATEST TRANSACTION
control field 20251125164151.0
008 - FIXED-LENGTH DATA ELEMENTS--GENERAL INFORMATION
fixed length control field 251125b |||||||| |||| 00| 0 eng d
040 ## - CATALOGING SOURCE
Original cataloging agency DWC-Main lib
Transcribing agency OC
082 ## - DEWEY DECIMAL CLASSIFICATION NUMBER
Edition number 2019 edtition
Classification number Fil. 657.45 F897p 2019
100 ## - MAIN ENTRY--PERSONAL NAME
Personal name Frias, Solita A.
245 ## - TITLE STATEMENT
Title Practice set in Practical auditing :
Remainder of title gracecorporation/
Statement of responsibility, etc. Solita A. Frias
250 ## - EDITION STATEMENT
Edition statement 2019 edtition
260 ## - PUBLICATION, DISTRIBUTION, ETC.
Place of publication, distribution, etc. Manila :
Name of publisher, distributor, etc. [ publishing company not identified] ,
Date of publication, distribution, etc. c2019.
300 ## - PHYSICAL DESCRIPTION
Extent xi, various pages :
Other physical details illustrations ;
Dimensions 27cm.
650 ## - SUBJECT ADDED ENTRY--TOPICAL TERM
Topical term or geographic name entry element 1. Auditing- Grace Corporation
700 ## - ADDED ENTRY--PERSONAL NAME
Personal name Ma. Elenita Balabat Cabrera
942 ## - ADDED ENTRY ELEMENTS (KOHA)
Source of classification or shelving scheme Dewey Decimal Classification
Koha item type Book-Filipiniana
Edition 2019 edition.
Call number prefix Fil.
Suppress in OPAC No
952 ## - LOCATION AND ITEM INFORMATION (KOHA)
--
952 ## - LOCATION AND ITEM INFORMATION (KOHA)
--
952 ## - LOCATION AND ITEM INFORMATION (KOHA)
--
Holdings
Withdrawn status Lost status Source of classification or shelving scheme Damaged status Not for loan Home library Current library Shelving location Date acquired Source of acquisition Cost, normal purchase price Total Checkouts Full call number Barcode Date last seen Copy number Price effective from Koha item type Uniform Resource Identifier
    Dewey Decimal Classification     College Library College Library Filipiniana 04/21/2021 School Fund 400.00   Fil. 657.45 F897p 2019 CL52874 11/25/2025 c1 11/25/2025 BK-FIL
    Dewey Decimal Classification     College Library College Library Filipiniana 04/21/2021 School Fund 400.00   Fil. 657.45 F897p 2019 CL52875 11/25/2025 c2 11/25/2025 BK-FIL
    Dewey Decimal Classification     College Library College Library Filipiniana 04/21/2021 School Fund 400.00   Fil. 657.45 F897p 2019 CL52876 11/25/2025 c3 11/25/2025 BK-FIL